Nuevo tratado de enfermedades mentales / (Record no. 37156)

MARC details
000 -LEADER
campo de control de longitud fija 00548nam a2200169 i 4500
001 - NÚMERO DE CONTROL
campo de control 37156
003 - IDENTIFICADOR DE NÚMERO DE CONTROL
campo de control ES-MaACL
005 - FECHA Y HORA DE LA ÚLTIMA TRANSACCIÓN
campo de control 20230906155522.0
007 - CAMPO FIJO DE DESCRIPCIÓN FÍSICA--INFORMACIÓN GENERAL
campo de control de longitud fija t|
008 - DATOS DE LONGITUD FIJA--INFORMACIÓN GENERAL
campo de control de longitud fija 030220s1946 sp ||||1| spa d
100 1# - ENTRADA PRINCIPAL--NOMBRE DE PERSONA
Nombre de persona Bumke, Oswald.
9 (RLIN) 32539
245 10 - MENCIÓN DEL TÍTULO
Título Nuevo tratado de enfermedades mentales /
Mención de responsabilidad, etc. por Oswald Bumke ; traducción y prólogo de Ramón Sarró.
260 ## - PUBLICACIÓN, DISTRIBUCIÓN, ETC.
Lugar de publicación, distribución, etc. [Barcelona] :
Nombre del editor, distribuidor, etc. F. Seix,
Fecha de publicación, distribución, etc. 1946 (
Fabricante Bachs)
300 ## - DESCRIPCIÓN FÍSICA
Extensión XLVI, 850 p., 30 lám. :
Otras características físicas il. ;
Dimensiones 24 cm.
700 1# - ENTRADA AGREGADA--NOMBRE PERSONAL
Nombre de persona Sarró, Ramón.
9 (RLIN) 103872
852 ## - LOCALIZACIÓN
Ubicación ES-MaACL
Número de control de estantería B-10746
Sublocalización o colección R.23745
Holdings
Estatus retirado Estado de pérdida Estado de daño No para préstamo Biblioteca de origen Biblioteca actual Ubicación en estantería Fecha de adquisición Fuente de adquisición Total de préstamos Signatura topográfica completa Código de barras Visto por última vez Precio de reemplazo Tipo de ítem Koha
        Biblioteca del Ateneo de Madrid Biblioteca del Ateneo de Madrid Sala Pardo Bazán 17/01/2008     B-10746 1039092 23/02/2023 23/02/2023 Libro impreso